| Record ID | marc_loc_2016/BooksAll.2016.part17.utf8:62877902:741 |
| Source | Library of Congress |
| Download Link | /show-records/marc_loc_2016/BooksAll.2016.part17.utf8:62877902:741?format=raw |
LEADER: 00741pam a2200205 a 4500
001 86030942
003 DLC
005 19870722000000.0
008 870105r19871959nyua b 00100 eng
010 $a 86030942
020 $a0486253465 (pbk.)
050 0 $aQC7$b.G74 1987
082 0 $a530/.09$219
245 00 $aGreat experiments in physics :$bfirsthand accounts from Galileo to Einstein /$cedited by Morris H. Shamos.
260 0 $aNew York :$bDover Publications,$c1987, c1959.
300 $aviii, 370 p. :$bill. ;$c24 cm.
500 $aReprint. Originally published: New York : Holt, Rinehart, and Winston, 1959.
504 $aIncludes bibliographies and index.
650 0 $aPhysics$xHistory.
700 10 $aShamos, Morris H.$q(Morris Herbert),$d1917-